Creative nonfiction : a manual for Filipino writers / Cristina Pantoja Hidalgo. (Record no. 10861)

000 -LEADER
fixed length control field 00692nam a22001817a 4500
020 ## - INTERNATIONAL STANDARD BOOK NUMBER
ISBN 9789715423786
082 ## - DEWEY DECIMAL CLASSIFICATION NUMBER
Classification number 808.042
Item number H6321 2005
100 ## - MAIN ENTRY--AUTHOR NAME
Personal name Hidalgo, Cristina Pantoja, author.
245 ## - TITLE STATEMENT
Title Creative nonfiction : a manual for Filipino writers / Cristina Pantoja Hidalgo.
260 ## - PUBLICATION, DISTRIBUTION, ETC. (IMPRINT)
Place of publication Diliman, Quezon City :
Name of publisher University of the Philippines Press,
Year of publication c2005.
300 ## - PHYSICAL DESCRIPTION
Number of Pages xi, 202 pages ;
Other physical details 23 cm.
500 ## - GENERAL NOTE
General note Includes bibliographical references and index.
650 ## - SUBJECT ADDED ENTRY--TOPICAL TERM
Topical Term Authorship -- Handbooks, manuals, etc.
650 ## - SUBJECT ADDED ENTRY--TOPICAL TERM
Topical Term Creative writing -- Handbooks, manuals, etc.
650 ## - SUBJECT ADDED ENTRY--TOPICAL TERM
Topical Term Reportage literature -- Authorship.
650 ## - SUBJECT ADDED ENTRY--TOPICAL TERM
Topical Term Philippine literature (English)
942 ## - ADDED ENTRY ELEMENTS (KOHA)
Koha item type Books
Holdings
Source of acquisition Permanent Location Date acquired Koha item type Collection code Accession Number Lost status Shelving location Withdrawn status Current Location Full call number
SchoolCagayan State University - Carig Library2017-03-25BooksLiterature009299 General Collection Cagayan State University - Carig Library808.042 H6321 2005
SchoolCagayan State University - Carig Library2017-03-25BooksLiterature009300 General Collection Cagayan State University - Carig Library808.042 H6321 2005
SchoolCagayan State University - Carig Library2017-03-25BooksLiterature009301 General Collection Cagayan State University - Carig Library808.042 H6321 2005
SchoolCagayan State University - Carig Library2017-03-25BooksLiterature009302 General Collection Cagayan State University - Carig Library808.042 H6321 2005
SchoolCagayan State University - Carig Library2017-03-25BooksLiterature009303 General Collection Cagayan State University - Carig Library808.042 H6321 2005

Cagayan State University University Library, Carig Campus
Tuguegarao City, Cagayan 3500 | www.csucarig.edu.ph

Powered by Koha